[Event "Pardubice Czech op-C 32nd"]
[Site "Pardubice"]
[Date "2021.07.31"]
[Round "9"]
[White "Krasa, Marek"]
[Black "Solodko, Mykola"]
[Result "0-1"]
[WhiteElo "1662"]
[BlackElo "1202"]
[PlyCount "102"]
[EventDate "2021.07.24"]
[EventType "swiss"]
[EventRounds "9"]
[EventCountry "CZE"]
[SourceTitle "EXT 2022"]
[Source "ChessBase"]
[SourceDate "2021.10.06"]
[SourceVersion "1"]
[SourceVersionDate "2021.10.06"]
[SourceQuality "1"]

1. b4 Nf6 2. Bb2 e6 3. a3 d5 4. d4 Nbd7 5. e3 Nb6 6. Bd3 Na4 7. Bc1 c6 8. c4 Nb6 9. c5 Nbd7 10. Nf3 Qc7 11. Bb2 g6 12. 0-0 Bg7 13. Nbd2 0-0 14. Re1 Re8 15. h3 h6 16. Rc1 Nh7 17. e4 e5 18. exd5 cxd5 19. dxe5 Nxe5 20. Nxe5 Bxe5 21. Nf3 Bxb2 22. Rxe8+ Kg7 23. Rb1 Bf6 24. Qc2 Nf8 25. Re2 Ne6 26. g3 Nf4 27. gxf4 Qxf4 28. Re3 d4 29. Nxd4 Bxd4 30. Re4 Qg3+ 31. Kf1 Bxh3+ 32. Ke2 Qxf2+ 33. Kd1 Rd8 34. Qxf2 Bxf2 35. Ke2 Bf5 36. Rf1 Bxe4 37. Bxe4 Bg3 38. Bxb7 h5 39. Rf3 h4 40. c6 Re8+ 41. Kf1 Bc7 42. Rd3 Rd8 43. Re3 Kf8 44. Kg2 Rd2+ 45. Kh3 Rh2+ 46. Kg4 f5+ 47. Kg5 Kf7 48. Rd3 Rg2+ 49. Kxh4 Kf6 50. Rf3 Rh2+ 51. Rh3 g5+ 0-1